| 000 | 01353nam a2200301 a 4500 | ||
|---|---|---|---|
| 001 | 000022884 | ||
| 003 | AM-YEHGA | ||
| 005 | 20250618070838.0 | ||
| 008 | 030329s1984 ai |||||||||||||||||arm|d | ||
| 040 | _aAM-YeHGA | ||
| 041 | 1 |
_aarm _hrus |
|
| 245 | 0 | 0 |
_aԿենտրոնական հետախուզական վարչության կեղտոտ գործը Արևմտյան Եվրոպայում : _bՆյութերի ժողովածու / _cԿազմ.՝ Ֆ. Էյջի, Լ. Վուլֆ ; Թարգմ. ռուս.՝ Կ.Ն. Ղալաչյան և ուրիշ. ; Խմբ.՝ Վ.Գ. Դանիելյան. |
| 260 |
_aԵրևան ։ : _bՀայաստան , _c1984. |
||
| 300 |
_a352 էջ ; _c22 սմ. |
||
| 650 | 1 | 4 |
_aՔաղաքականություն _zԱՄՆ |
| 653 | 0 | _aՀետախուզություն | |
| 653 | 0 | _aԱզգային անվտանգություն | |
| 700 | 1 |
_aԷյջի, Ֆ. _eկազմ. _4com |
|
| 700 | 1 |
_aՎուլֆ, Լ. _eկազմ. _4com |
|
| 700 | 1 |
_aՂալաչյան, Կ.Ն. _eթարգմ. _4trl |
|
| 700 | 1 |
_aԽոցանյան, Մ.Ա. _eթարգմ. _4trl |
|
| 700 | 1 |
_aՆիկողոսյան, Ռ.Ե. _eթարգմ. _4trl |
|
| 700 | 1 |
_aԴադայան, Խ.Զ. _eթարգմ. _4trl |
|
| 700 | 1 |
_aՄարգարյան, Ս.Գ. _eթարգմ. _4trl |
|
| 700 | 1 |
_aԴանիելյան, Վլադիմիր Գալուստի, _d1927- _eխմբ. _4edt _92553 |
|
| 942 | _cBK | ||
| 090 | _c8976 | ||
| 999 |
_c8913 _d8913 |
||